| 000 | 00670nam a22002297a 4500 | ||
|---|---|---|---|
| 005 | 20170124110116.0 | ||
| 010 | _aTA-001921 | ||
| 020 | _c00.00 | ||
| 035 | _aTA-001921 | ||
| 037 | _bCen Lib/Ret | ||
| 040 |
_aDPL _bEN |
||
| 082 |
_a938 _bFAR |
||
| 100 |
_aFarrington, Benjamin _930072 |
||
| 245 |
_aGreek science : _cby Benjamin Farrington _bits meaning for us / |
||
| 260 |
_aBaltimore _bPenguin Books _c1961 |
||
| 270 |
_a3300 Cliper Mill Road _bBaltimore II |
||
| 300 |
_a320p. _c17cm(Hb) |
||
| 500 | _aIncludes index | ||
| 650 |
_aScience -- Greece _930073 |
||
| 650 |
_aScience -- Greece -- History _930074 |
||
| 942 |
_2ddc _cEN _h938 _mFAR |
||
| 999 |
_c130772 _d130772 |
||